000 00514nam a2200181 a 4500
001 34321
005 20180714002432.0
008 140415s1970 000 0 spa d
041 _aspa
082 _a800
_bBIB
100 1 _aVEGA, LOPE DE
245 1 0 _aFUENTE OVEJUNA :
_bEL CABALLERO DE OLMEDO
260 _a[s.l.] :
_bSALVAT,
_c1970
300 _a188
490 _aBIBLIOTECA BASICA SALVAT
_v22
650 1 4 _aLITERATURA ESPAOLA
_xTEATRO
_xESPAA
700 1 _aENTRAMBASAGUAS, JOAQUIN DE
_eprĂ³l.
999 _c34321
_d34321